01423nam a2200241Ia 4500001001100000003001000011008004100021040002500062041001300087100001900100245008200119250001100201260008100212300001200293500026000305501011400565520026000679650002500939942000700964957000600971999004200977952016201019L910-50778IT-CnALBA170116s9999||||xx |||||||||||||| ||und|| aIT-CnALBAcIT-CnALBA aITALIANO aCROVI RAFFAELE 0aI LUOGHI DELLA VITA. AUTOBIOGRAFIA CULTURALE DI UN PROPAGANDISTA EDITORIALE.  a1a ed. a REGGIO EMILIAbDIABASIS ED. c1999 [1° Ed.:1999 - Ed.Ling.Originale: 1999] a494 p.  aCURATORE NOBILI ATHOS. IL LUOGO, L'AMBIENTE DELLA FORMAZIONE DELL'UOMO. I LUOGHI DELLA VITA. LE STRADE DELLA MEMORIA. LE STANZE DELLA RAGIONE. GL?I INCROCI DELL'IMMAGINARIO. ESPERIENZE CIVILI. INCONTRI CULTURALI. RITRATTI DI ITALO CALVINO. LALLA ROMANO. E aSocietà San Paolo EM - Piazza San Paolo, 14 - 12051 ALBA (CN) (non commercial uses only) ® Copyright 2017 aCURATORE NOBILI ATHOS. IL LUOGO, L'AMBIENTE DELLA FORMAZIONE DELL'UOMO. I LUOGHI DELLA VITA. LE STRADE DELLA MEMORIA. LE STANZE DELLA RAGIONE. GL?I INCROCI DELL'IMMAGINARIO. ESPERIENZE CIVILI. INCONTRI CULTURALI. RITRATTI DI ITALO CALVINO. LALLA ROMANO. E aDIZIONARI GEOGRAFICI cBK 71 a57302bNOg Copie: 1 c309682d309682 0010406L_9105077871aALBAbALBAd2017-01-16l0oL910-50778r2017-01-16 00:00:00w2017-01-16yBKz(data import: 16 gennaio 2017) - By Epidotti, Vaglietti.